| 000 | 01028cam a22002654a 4500 | ||
|---|---|---|---|
| 005 | 20250826194406.0 | ||
| 008 | 991116s2000 ohu b 001 0 eng | ||
| 020 | _a9781408017494 | ||
| 040 |
_aKABLIB _cKABLIB _erda |
||
| 082 | 0 | 0 |
_a658.15 _223 _bPAL |
| 100 | 1 |
_aPalepu, Krishna G., _d1954- _914668 |
|
| 245 | 1 | 0 |
_aBusiness analysis and valuation : _btext & cases / _cKrishna G. Palepu, Paul M. Healy, Victor L. Bernard. |
| 246 | 3 | _aBusiness analysis and valuation | |
| 250 | _a2nd ed. | ||
| 260 |
_aHampshire : _bSouth-Western Cengage Learning., _cc2010. |
||
| 300 |
_axvi. 761 p : _bill. (some color) ; _c26 cm. |
||
| 504 | _aIncludes index. | ||
| 650 | 0 |
_aBusiness enterprises _xValuation. _914669 |
|
| 650 | 0 | _aFinancial statements. | |
| 650 | 0 |
_aBusiness enterprises _xValuation _vCase studies. _914670 |
|
| 655 | 7 |
_aCase studies. _2lcgft _0https://id.loc.gov/authorities/genreForms/gf2017026140 _93979 |
|
| 700 | 1 |
_aHealy, Paul M. _914671 |
|
| 700 | 1 |
_aBernard, Victor L. _q(Victor Lewis), _d1952- _914672 |
|
| 942 |
_2ddc _cBOOK |
||
| 999 |
_c5806 _d5806 |
||